Statystyki dla Polski Rap 2k22

Kliknij tutaj aby rozwiązać quiz!

Ogólne statystyki

  • Ten quiz został rozwiązany 404 razy
  • Średni wynik to 10 z 24

Statystyki odpowiedzi

HintOdpowiedź% Poprawnych
KinolSobel
81%
JagodziankiMalik Montana
80%
Mordo weźMalik Montana
80%
@Chillwagon
77%
DwukatAlberto
72%
BestiaYoung Igi
68%
KapitanWac Toja
61%
Deszcz na betonieTaco
55%
Lady PankKubańczyk
54%
Każdy blokPaluch
54%
A nie pamiętasz jak?SB Maffija
54%
Surferbe vis
45%
Święto ogródkaBiałas, White 2115
37%
ButlaKizo
35%
Życie jest piękneTymek
34%
9 żyćKubi
30%
Nadchodzi latoBedoes, Lanek
27%
05:05Bedoes, Kubi
24%
BarbieBlacha
23%
Billy KidReto, Kubi
15%
ZalataniSarius
11%
FiestaDeemz, Smolasty
9%
BezprawnieKebe
4%
DelfinBedoes, Kubi, Young Multii
0%

Rozkład punktacji

Percentyl według liczby udzielonych odpowiedzi

Procent ludzi z każdym wynikiem

Twoja historia wyników

Nie rozwiązałeś tego quizu